000 00528nam a22001817a 4500
999 _c525749
_d525749
003 NUST
005 20190704064300.0
038 _aFaiza
082 _a891.493
_bKHA
100 _aKhalid Sohail Malik
_916689
245 _aApran wehra, aprian kaharian /
_cKhalid Sohail Malik
260 _aPeshawar:
_bPakistan Markazi hinko adbi board,
_c2003.
300 _a146p. ;
500 _aHard Cover
880 _6100-01\r
_aخالد سہیل ملک
880 _6245-02\r
_a /آپڑا ویڑا آپڑی کہانڑی
942 _2ddc
_cBK